Report of the Cotton Textile Committee, 1968 (Record no. 489680)

000 -LEADER
fixed length control field 00426cam a22001337a 4500
008 - FIXED-LENGTH DATA ELEMENTS--GENERAL INFORMATION
fixed length control field 180718b1968 xxu||||| |||| 00| 0 eng d
082 ## - DEWEY DECIMAL CLASSIFICATION NUMBER
Classification number T212x5442 M278
100 ## - MAIN ENTRY--PERSONAL NAME
Personal name Cotton Textile Committee
245 ## - TITLE STATEMENT
Title Report of the Cotton Textile Committee, 1968
Statement of responsibility, etc. by Cotton Textile Committee, Maharashtra
260 ## - PUBLICATION, DISTRIBUTION, ETC.
Place of publication, distribution, etc. Bombay
Name of publisher, distributor, etc. The author
Date of publication, distribution, etc. 1968
300 ## - PHYSICAL DESCRIPTION
Extent 99p.
500 ## - GENERAL NOTE
General note Chairman: S.V. Kogekar
700 ## - ADDED ENTRY--PERSONAL NAME
Personal name Kogekar, S.V. (Chairman)
Holdings
Withdrawn status Lost status Damaged status Not for loan Permanent Location Current Location Date acquired Full call number Barcode Date last seen Price effective from Koha item type
        Indian Institute of Public Administration Indian Institute of Public Administration 2018-08-04 T212x5442 M278 GG9162 2018-08-04 2018-08-04 GG

Powered by Koha